| 000 | 00720nam a22002297a 4500 | ||
|---|---|---|---|
| 999 |
_c13566 _d13566 |
||
| 003 | MIRAKIL | ||
| 005 | 20211214000616.0 | ||
| 008 | 191023b tu ||||| |||| 00| 0 tur d | ||
| 020 | _a975857258x | ||
| 040 |
_aTR-AnCHP _cTR-AnCHP |
||
| 041 | _atur | ||
| 082 |
_a320.9561 _bÖ92o 2004 |
||
| 100 | _aÖzdemir, Veli | ||
| 245 | 1 | 0 |
_a12 Eylül darbesi ve özgürlüğün bedeli : _barayış / _cVeli Özdemir. |
| 260 |
_aAnkara: _bÜmit yayıncılık, _c2004. _fBRC Basım. |
||
| 300 |
_a302 s.: _bfotg., _c21 sm. |
||
| 490 | 0 |
_aUfuk dizisi ; _v168. |
|
| 650 | 0 |
_aSiyaset ve yönetim _xTürkiye _99 |
|
| 650 | 0 |
_9333 _aDarbeler _xTürkiye _y12 Eylül 1980 |
|
| 650 | 0 |
_96064 _aGazetecilik _xTürkiye _y1980 |
|
| 942 |
_2ddc _cBKS |
||